000 01993cam a2200481 a 4500
001 sjds1540840
003 sjds
005 20180524181336.0
008 060221t20062006nyua b 000 1 spa
010 _a 2006005951
020 _a1933032073 (hardcover)
020 _a9781933032078 (hardcover)
020 _a9780606374286 ;
_c26.95
035 _a1115923
035 _a(OCoLC)64427404
035 _a1115923
040 _aDLC
_cDLC
_dBAKER
_dJJG
_dVP@
_dLNQ
_dUtOrBLW
041 1 _aspa
_heng
049 _aIFAA
099 _f2006
999 _c20784
_d20784
999 _bESPANOL PICTURE BOOKS SEUSS 2006
100 1 _aSeuss,
_cDr.,
_eauthor.
240 1 0 _aAnd to think that I saw it on Mulberry Street.
_lSpanish
245 1 0 _aY pensar que lo vi por la calle Porvenir /
_cDr. Seuss ; traducido por Yanitzia Canetti.
260 _aNew York :
_bLectorum Publications,
_cc2006
264 1 _aNew York :
_bLectorum Publications,
_c[2006]
264 4 _cc2006
300 _a1 volume (unpaged) :
_bcolor illustrations ;
_c28 cm
336 _atext
_btxt
_2rdacontent
337 _aunmediated
_bn
_2rdamedia
338 _avolume
_bnc
_2rdacarrier
500 _aTïtulo original: And to think that I saw it on Mulberry Street.
520 _a"La historia sigue a un chico llamado Marco mientras describe en una historia fantïstica creada para contïrsela a su padre al final del camino, el paisaje y sonidos de gente y vehïculos imaginarios que viajan a lo largo de la calle Mulberry"--Wikipedia.org.
520 _aA boy imagines a series of incredible sights on his way home from school so that he will have an interesting report to give his father.
526 0 _aAccelerated Reader
_bLG
_c3.7
_d0.5
_z9002SP
546 _aText in Spanish.
650 0 _aImagination
_vJuvenile fiction.
650 0 _aStories in rhyme
_vJuvenile literature.
650 7 _aImaginación
_vNovela juvenil.
_2bidex
650 7 _aCuentos en rima
_vLiteratura juvenil.
_2bidex
700 1 _aCanetti, Yanitzia,
_d1967-
942 _cBK